Nalini Kanta Bhattasali commemoration volume: (Record no. 22934)

MARC details
000 -LEADER
fixed length control field 01138cam a22002891 4500
001 - CONTROL NUMBER
control field 6596744
003 - CONTROL NUMBER IDENTIFIER
control field BDDh-ASL
005 - DATE AND TIME OF LATEST TRANSACTION
control field 20231015030157.0
008 - FIXED-LENGTH DATA ELEMENTS--GENERAL INFORMATION
fixed length control field 830126s1966 pk bcf b 000 0 eng
010 ## - LIBRARY OF CONGRESS CONTROL NUMBER
LC control number sa 66006625
035 ## - SYSTEM CONTROL NUMBER
System control number (OCoLC)9165810
040 ## - CATALOGING SOURCE
Original cataloging agency DLC
Transcribing agency AzU
Modifying agency DLC
-- BDDh-ASL
042 ## - AUTHENTICATION CODE
Authentication code premarc
050 00 - LIBRARY OF CONGRESS CALL NUMBER
Classification number PK2.Z5
Item number B52
082 ## - DEWEY DECIMAL CLASSIFICATION NUMBER
Classification number 928.8094
Item number NAN
245 00 - TITLE STATEMENT
Title Nalini Kanta Bhattasali commemoration volume:
Remainder of title essays on archaeology, art, history, literature and philosophy of the Orient, dedicated to the memory of Dr. Nalini Kanta Bhattasali, 1888-1947 A.D. /
Statement of responsibility, etc. Edited by A.B.M. Habibullah.
260 ## - PUBLICATION, DISTRIBUTION, ETC.
Place of publication, distribution, etc. [Dacca]
Name of publisher, distributor, etc. Dacca Museum,
Date of publication, distribution, etc. 1966.
300 ## - PHYSICAL DESCRIPTION
Extent xiii, xxxi, 360 p. :
Other physical details map, plates, port.
Dimensions 25 cm.
500 ## - GENERAL NOTE
General note Bengali or English.
504 ## - BIBLIOGRAPHY, ETC. NOTE
Bibliography, etc. note "Bibliography of the writings of Dr. Nalini Kanta Bhattasali": p. [xi]-xxxi.
504 ## - BIBLIOGRAPHY, ETC. NOTE
Bibliography, etc. note Bibliographical footnotes.
600 10 - SUBJECT ADDED ENTRY--PERSONAL NAME
Personal name Bhaṭṭaśālī, Nalinīkānta,
Dates associated with a name 1888-1947.
650 #0 - SUBJECT ADDED ENTRY--TOPICAL TERM
Topical term or geographic name entry element Indic studies.
700 1# - ADDED ENTRY--PERSONAL NAME
Personal name Habibullah, A. B. M.
Fuller form of name (Abul Barkat Muhammud),
Dates associated with a name 1911-1984
906 ## - LOCAL DATA ELEMENT F, LDF (RLIN)
a 7
b cbc
c oclcrpl
d u
e ncip
f 19
g y-gencatlg
942 ## - ADDED ENTRY ELEMENTS (KOHA)
Source of classification or shelving scheme Dewey Decimal Classification
Koha item type Books
Holdings
Withdrawn status Lost status Source of classification or shelving scheme Damaged status Not for loan Collection code Home library Current library Shelving location Date acquired Source of acquisition Total Checkouts Full call number Barcode Date last seen Copy number Price effective from Koha item type Public note
    Dewey Decimal Classification   Not For Loan Non-fiction Asiatic Society Library Asiatic Society Library General Stacks 03/09/2021 ASB Library Collections   928.8094 NAN 107274 03/09/2021 C-1 03/09/2021 Books RARE
    Dewey Decimal Classification   Not For Loan Non-fiction Asiatic Society Library Asiatic Society Library General Stacks 03/09/2021 ASB Library Collections   928.8094 NAN 107275 03/09/2021 C-2 03/09/2021 Books RARE
    Dewey Decimal Classification     Non-fiction Asiatic Society Library Asiatic Society Library General Stacks 03/09/2021 ASB Library Collections   928.8094 NAN 107276 03/09/2021 C-3 03/09/2021 Books RARE

Powered by Koha